Statistics for LL Cool J Discography

Click here to take the quiz!

General Stats

  • This quiz has been taken 12 times
  • The average score is 6 of 15

Answer Stats

YearNameType% Correct
1990Mama Said Knock You OutAlbum
67%
200210Album
50%
2006Todd SmithAlbum
50%
1987Bigger and DefferAlbum
42%
1995Mr. SmithAlbum
42%
1985RadioAlbum
42%
2004The DEFinitionAlbum
42%
199314 Shots to the DomeAlbum
33%
2009Exit 13Album
33%
2000G.O.A.T. (Greatest of All Time)Album
33%
1997PhenomenonAlbum
33%
1989Walking with a PantherAlbum
33%
1996All World: Greatest HitsCompilation
25%
2013AuthenticAlbum
25%
2009All World 2Compilation
17%

Score Distribution

Percentile by Number Answered

Percent of People with Each Score

Your Score History

You have not taken this quiz